01060cam a22002531 450000100060000000300080000600500170001400800410003103500190007203500190009104000370011004100080014708200260015511001060018111100570028724501820034426000440052630000210057049000610059150000320065265100470068470000410073171000340077246245BD-RjUL20211209054127.0160801s1931 enk 100 0 eng  a(BD-RjUL)46363 a(OCoLC)5389700 aDLCcMnUdMnUdDLCdBD-RjULbeng aeng a342.54223bIND 1931  aPresented by the Secretary of State for India to Parliament by command of His Majesty. January, 1931.2 aIndian Round Table Conferenced(1930-1931 :cLondon)00aIndian Round Table Conference : b12th November, 1930-19th January, 1931 /cPresented by the Secretary of State for India to Parliament by command of His Majesty. January, 1931. aLondon :bH. M. Stationery Off.,c1931. a512 p. ;c25 cm.0 a[Great Britain. Parliament. Papers by command] Cmd. 3772 aRamsay MacDonald, chairman. 0aIndiaxPolitics and governmenty1919-1947.1 aMacDonald, James Ramsay,d1866-1937.1 aGreat Britain.bIndia Office.